Manual on district control room (Record no. 433022)

000 -LEADER
fixed length control field 00524cam a22001337a 4500
008 - FIXED-LENGTH DATA ELEMENTS--GENERAL INFORMATION
fixed length control field 180718b1998 xxu||||| |||| 00| 0 eng d
082 ## - DEWEY DECIMAL CLASSIFICATION NUMBER
Classification number Q39x54 M277/3 (N)
245 ## - TITLE STATEMENT
Title Manual on district control room
Statement of responsibility, etc. by Emergency Earthhquake Rehabilition Programme, Maharashtra
260 ## - PUBLICATION, DISTRIBUTION, ETC.
Place of publication, distribution, etc. Mumbai
Name of publisher, distributor, etc. Maharashtra Emergency Earthhquake Rehabilition Programme
Date of publication, distribution, etc. 1998
300 ## - PHYSICAL DESCRIPTION
Extent v.p.
500 ## - GENERAL NOTE
General note Maharashtra Disaster Management Plan
650 ## - SUBJECT ADDED ENTRY--TOPICAL TERM
Topical term or geographic name entry element Disaster management
700 ## - ADDED ENTRY--PERSONAL NAME
Personal name Maharashtra. Emergency Earthhquake Rehabilition Programme
Holdings
Withdrawn status Lost status Source of classification or shelving scheme Damaged status Not for loan Permanent Location Current Location Date acquired Full call number Barcode Date last seen Price effective from Koha item type
          Indian Institute of Public Administration Indian Institute of Public Administration 2010-02-05 Q39x54 M277/3 (N) GR21144 2018-07-21 2018-07-21 GR

Powered by Koha